000 00349nam a2200145Ia 4500
008 230917s9999||||xx |||||||||||||| ||und||
040 _e139830
_aMAIN
041 _aEnglish
082 _a370.15 W884E
100 _aWoolfolk, Anita E
245 0 _aEducation Psychology
260 _aLondon
_bAllyn and Bacon
_c1993
300 _a643 p.
942 _cBK
999 _c95754
_d95754